Circuit design with VHDL (Record no. 23963)
[ view plain ]
| 000 -LEADER | |
|---|---|
| fixed length control field | 00857 a2200241 4500 |
| 003 - CONTROL NUMBER IDENTIFIER | |
| control field | Nust |
| 005 - DATE AND TIME OF LATEST TRANSACTION | |
| control field | 20170622111550.0 |
| 008 - FIXED-LENGTH DATA ELEMENTS--GENERAL INFORMATION | |
| fixed length control field | 170622b xxu||||| |||| 00| 0 eng d |
| 010 ## - LIBRARY OF CONGRESS CONTROL NUMBER | |
| LC control number | 2004040174 |
| 020 ## - INTERNATIONAL STANDARD BOOK NUMBER | |
| International Standard Book Number | 8120326830 |
| 040 ## - CATALOGING SOURCE | |
| Transcribing agency | Nust |
| 050 ## - LIBRARY OF CONGRESS CALL NUMBER | |
| Classification number | 621.395 PED |
| 082 00 - DEWEY DECIMAL CLASSIFICATION NUMBER | |
| Classification number | 621.395 PED |
| 100 1# - MAIN ENTRY--PERSONAL NAME | |
| Personal name | Volnei A. Pedroni. |
| 9 (RLIN) | 3071 |
| 245 10 - TITLE STATEMENT | |
| Title | Circuit design with VHDL |
| Statement of responsibility, etc. | Volnei A. Pedroni. |
| 260 ## - PUBLICATION, DISTRIBUTION, ETC. | |
| Place of publication, distribution, etc. | Cambridge, Mass. : |
| Name of publisher, distributor, etc. | MIT Press, |
| Date of publication, distribution, etc. | c2004. |
| 300 ## - PHYSICAL DESCRIPTION | |
| Extent | xii, 363 p. : |
| Other physical details | ill. ; |
| Dimensions | 24 cm. |
| 505 ## - FORMATTED CONTENTS NOTE | |
| Formatted contents note | part 1.Circuit Design (Page-1),part 2. System Design (Page-231)3.index (page 359) |
| 538 ## - SYSTEM DETAILS NOTE | |
| System details note | |
| Display text | Shelf # 09, Row # 2, History & Digital Design. |
| 650 #0 - SUBJECT ADDED ENTRY--TOPICAL TERM | |
| Topical term or geographic name entry element | Electronic circuit design. |
| 9 (RLIN) | 3072 |
| 650 #0 - SUBJECT ADDED ENTRY--TOPICAL TERM | |
| Topical term or geographic name entry element | System design. |
| 9 (RLIN) | 2255 |
| 650 #0 - SUBJECT ADDED ENTRY--TOPICAL TERM | |
| Topical term or geographic name entry element | VHDL (Computer hardware description language) |
| 9 (RLIN) | 2937 |
| 942 ## - ADDED ENTRY ELEMENTS (KOHA) | |
| Source of classification or shelving scheme | |
| Koha item type | Book |
| Classification part | 621.395 PED |
| Withdrawn status | Lost status | Source of classification or shelving scheme | Damaged status | Not for loan | Permanent Location | Current Location | Shelving location | Date acquired | Full call number | Barcode | Date last seen | Price effective from | Koha item type |
|---|---|---|---|---|---|---|---|---|---|---|---|---|---|
| NUST Baluchistan Campus (NBC) | NUST Baluchistan Campus (NBC) | General Stacks | 04/29/2014 | 621.395PED | RCMS000386 | 04/29/2014 | 04/29/2014 | Book |
